Chef en casa : (Registro nro. 4419)

Detalles MARC
000 -LEADER
fixed length control field 00873nam a2200241Ia 4500
003 - CONTROL NUMBER IDENTIFIER
control field OSt
005 - DATE AND TIME OF LATEST TRANSACTION
control field 20201005175337.0
008 - FIXED-LENGTH DATA ELEMENTS--GENERAL INFORMATION
fixed length control field 191128s2007 ck ao gr 000 0 spa d
020 ## - INTERNATIONAL STANDARD BOOK NUMBER
International Standard Book Number 9789587061871
040 ## - CATALOGING SOURCE
Original cataloging agency CO-JMCR
Transcribing agency CO-JMCR
041 0# - LANGUAGE CODE
Language code of text/sound track or separate title spa
082 04 - DEWEY DECIMAL CLASSIFICATION NUMBER
Classification number 641.5 /
Item number C515c
Edition number 23
100 1# - MAIN ENTRY--PERSONAL NAME
Personal name Toyos, Isabel,
Relator term editora
9 (RLIN) 11276
245 10 - TITLE STATEMENT
Title Chef en casa :
Remainder of title manual básico de cocina /
Statement of responsibility, etc. editor, Isabel Toyos
260 ## - PUBLICATION, DISTRIBUTION, ETC.
Place of publication, distribution, etc. Bogotá :
Name of publisher, distributor, etc. Periodico Hoy,
Date of publication, distribution, etc. 2007.
300 ## - PHYSICAL DESCRIPTION
Extent 319 páginas :
Other physical details ilustraciones, fotografías a color ;
Dimensions 28 cm.
500 ## - GENERAL NOTE
General note Incluye índice temático y de recetas.
505 0# - FORMATTED CONTENTS NOTE
Formatted contents note Equipo básico de cocina -- Métodos de cocción -- Carnes -- Aves y caza -- Pescados y mariscos -- Pastas -- Vegetales -- Frutas -- Salsas
650 24 - SUBJECT ADDED ENTRY--TOPICAL TERM
Topical term or geographic name entry element Cocina Recetarios
9 (RLIN) 11277
650 24 - SUBJECT ADDED ENTRY--TOPICAL TERM
Topical term or geographic name entry element Gastronomía
9 (RLIN) 983
650 24 - SUBJECT ADDED ENTRY--TOPICAL TERM
Topical term or geographic name entry element Recetas
9 (RLIN) 11274
942 ## - ADDED ENTRY ELEMENTS (KOHA)
Source of classification or shelving scheme Dewey Decimal Classification
Koha item type Books
Existencias
Withdrawn status Lost status Source of classification or shelving scheme Materials specified (bound volume or other part) Damaged status Not for loan Home library Current library Shelving location Date acquired Source of acquisition Total Checkouts Total Renewals Full call number Barcode Date last seen Date last checked out Copy number Price effective from Koha item type
    Dewey Decimal Classification Donación--12/12/2018--     Biblioteca Pública José María del Castillo y Rada Biblioteca Pública José María del Castillo y Rada General Stacks 11/28/2019 Donación 7 1 641.5 / C515c 201809281 04/01/2025 03/31/2025 Ej.1 11/28/2019 Books